Colibrí (8º).

Gespeichert in:
Bibliographische Detailangaben
1. Verfasser: Casademont Pou, F. Autor, Profesor del Departamento de Arte del Colegio Viaró
Weitere Verfasser: Figueras Nogués, FX. Autor, Profesor del Departamento de Arte del Colegio Viaró
Format: keine Angabe
Sprache:Spanisch
Erschienen: Madrid Magisterio Español 1974
Ausgabe:Dya Básica
Katalog:MANES:  Suchergebnis im Bibliothekskatalog
Schulbuchspezifische Eigenschaften:
Tags: Tag hinzufügen
Keine Tags, Fügen Sie den ersten Tag hinzu!
Hinzugefügt zu:26.04.2016
Geändert in:07.05.2025

MARC

LEADER 000000000a22000000004500
001 12347
003 OSt
005 20250507133344.0
008 160427s sp ||||| |||| 00| 0 spa d
040 |c centro_manes 
041 1 |a spa 
561 |5 es-CICE  |a España. Centro Internacional de la Cultura Escolar  |k MANES 
691 0 |a PRI 
100 1 |a Casademont Pou, F. Autor, Profesor del Departamento de Arte del Colegio Viaró  |9 7270 
690 0 |a EyL 
700 1 |a Figueras Nogués, FX. Autor, Profesor del Departamento de Arte del Colegio Viaró  |9 7271 
245 0 0 |a Colibrí (8º). 
250 |a Dya Básica 
260 3 |a Madrid  |b Magisterio Español  |c 1974 
300 |a 158 p.  |c 25 x 18 cm 
942 |2 ddc  |c BK 
546 |a España 
999 |c 18321  |d 18321 
999 |c manes:18321  |d 18321